000 00748nam a22002417a 4500
003 UA-OsUOA
001 33711
007 ta
008 20050907b un ||||| |||| 00| 0 ukr d
100 _aАрсеньев А.С.
090 _a101(075)
_bА85
942 _cBK
040 _aUA-OsUOA
_brus
_cUA-OsUOA
_dUA-OsUOA
245 _aФилософские основания понимания личности
_bучебное пособие
300 _a592 с.
955 _a2
041 _arus
080 _a101(075)
020 _a5-7695-0814-0
260 _aМ.
_bАкадемія
_c2001
246 3 1 _aЦикл популярніх лекций-очерков с приложениями
_n
650 7 _a1 Філософські науки
_2UDC
999 _c320164
_d320164